| 000 | 00922nam a2200289Ia 4500 | ||
|---|---|---|---|
| 003 | OSt | ||
| 005 | 20220827111002.0 | ||
| 008 | 210716s2013 xx 000 0 und d | ||
| 020 | _a9788126541683 | ||
| 040 | _cAIMIT LIBRARY | ||
| 041 | _aeng | ||
| 082 |
_a005.448 _21 _bRIZT |
||
| 100 |
_aRizzo, Thomas. _955753 |
||
| 245 |
_aProgramming microsofts clouds : _bwindows azure and office 365 / _cBy Thomas Rizzo...[et. al.]. |
||
| 250 | _a1st ed. | ||
| 260 |
_aNew Delhi : _bWiley India Pvt Ltd , _c2013 . |
||
| 300 |
_axxx, 569p. ; _bPB _c23.5 cm. |
||
| 650 |
_aAzure diagnosticsand debugging _955754 |
||
| 650 |
_aLeveraging blob storage _955755 |
||
| 700 |
_aRais, Razi Bin. _955756 |
||
| 700 |
_aOtegem, Michiel Van. _955757 |
||
| 700 |
_aBishop, Darrin. _955758 |
||
| 700 |
_aDurzi, George. _955759 |
||
| 700 |
_aTejada, Zoiner. _955760 |
||
| 700 |
_aMann, David. _955761 |
||
| 942 |
_2ddc _cBK _e1st _k005.448 RIZT |
||
| 999 |
_c195004 _d195004 |
||